| 000 | 00720nam a22002177a 4500 | ||
|---|---|---|---|
| 999 |
_c11910 _d11910 |
||
| 003 | AR-CdUCM | ||
| 008 | 190405b ||||| |||| 00| 0 spa d | ||
| 040 |
_aMUNICIPALIDAD PROVINCIAL DEL CUSCO _cBIBLIOTECA MUNICIPAL DEL CUSCO |
||
| 082 |
_aC / 869.56 / _bOS81 |
||
| 100 |
_aOsorio T., J. Alberto _929517 |
||
| 245 | _aEl último credo / | ||
| 260 |
_aCusco : _bCirculo Literario Universidad, _c1966. |
||
| 300 |
_a39 páginas ; _c21 cm. |
||
| 505 | _aContenido: Poemas simples -- Cuentos mínimos. | ||
| 650 |
_aLiteratura Peruana _9132 |
||
| 650 |
_aSiglo XX _98 |
||
| 650 |
_aPoemas, Cuentos Cusqueños _929518 |
||
| 700 |
_aTuero, Néstor (carátula) _929519 |
||
| 942 |
_2ddc _cLIBROS |
||
| 945 |
_aachl _d2019-04-05 |
||